000 00735nam a22002417a 4500
003 OSt
005 20220924113631.0
006 a|||||r|||| 00| 0
007 ta
008 220923b |||||||| |||| 00| 0 eng d
024 _a122296
037 _cGeneral Books
040 _aARTS
_cARTS
_beng
041 _2eng
_aeng
082 _aXu25261C S.N5, J9 (UD) J9;1
100 _aGupta S C
245 0 _aEconomic Survey of Shamspur village (District Saharanpur, Uttar Pradesh) : a case study in the structure and functioning of a village economy
260 _c1959
300 _ap.
650 _aECONOMICS
942 _hXu25261C S.N5, J9 (UD) J9;1
_cGB
_2CC
999 _c390283
_d390283